Statistics for Landlocked Countries Bordering Austria - 15 Seconds

Click here to take the quiz!

General Stats

  • This quiz has been taken 29 times
  • The average score is 4 of 5

Answer Stats

Country% Correct
Slovakia
84%
Switzerland
84%
Czech Republic
80%
Liechtenstein
80%
Hungary
76%

Score Distribution

Percentile by Number Answered

Percent of People with Each Score

Your Score History

You have not taken this quiz